| 000 | 00577pam a2200217 a 4500 | ||
|---|---|---|---|
| 001 | 2909110 | ||
| 005 | 20180201040803.0 | ||
| 008 | 880209s1988 nyua b 000 0 eng | ||
| 010 | _a 88004137 | ||
| 020 | _a013794652X | ||
| 040 |
_aDLC _cDLC _dDLC |
||
| 041 | _aeng | ||
| 080 | _a72.35044 ALL | ||
| 082 | 0 | 0 |
_a372.35044 ALL _219 |
| 100 | 1 | _a45 | |
| 101 | _aEDU | ||
| 245 | 1 | 0 |
_aScience demonstrations for the elementary classroom / _cDorothea Allen. |
| 504 | _aBibliography: p. 265-266. | ||
| 906 |
_a7 _bcbc _corignew _d1 _eocip _f19 _gy-gencatlg |
||
| 942 |
_2ddc _cBK |
||
| 999 |
_c41474 _d41474 |
||